000 01132nam a22001937a 4500
999 _c59508
_d59508
003 Ge_BSU
005 20230306150557.0
008 230306s2007 ge ||||| |||| 00| 0 geo d
041 _ageo
080 _a343.431 : 341.176.2(4) ე-35
245 _aევროპის საბჭოს კონვენცია ადამიანებით ვაჭრობის წინააღმდეგ ბრძოლის შესახებ :
_bსახელმძღვანელო პარლამენტარებისათვის /
_c[შემდგ. როსარიო პარდო].
264 _aთბილისი :
_b ევროპის საბჭოს საპარლ. ასამბლეა,
_c2007.
300 _a107გვ. ;
_b20სმ.
490 _aადამიანი არ იყიდება
653 _aევროპის საბჭოს კონვენცია
653 _aადამიანებით ვაჭრობა
700 _aპარდო, როსარიო
_eშემდგენელი
_917103
942 _2udc
_cBK